• 首页
  • 本馆介绍
  • 公告通知
  • 最新文献
  • 馆藏检索
  • 电子资源
  • 读者导购
  • 参考咨询
  • 我的图书馆
  • 登录
  • 详细信息显示
  • 放入我的书架
  • 预约/预借图书
  • 作者相关作品
  • 分类相关作品
  • 丛书相关作品
  • 出版社相关作品

书目信息

  • 表格格式
  • 工作单格式
  • 卡片格式
题名:
最是元曲销魂
    
 
作者: 宿舍章 著
分册:  
出版信息: 北京   石油工业出版社  2018
页数: 244页
开本: 21cm
丛书名:
单 册:
中图分类: I207.24
科图分类:
主题词: 元曲--文学欣赏
电子资源:
ISBN: 978-7-5183-2146-9
000 00824nam0 2200253 450
001 012001003423
005 20180926144852.89
010    @a978-7-5183-2146-9@dCNY28.00
100    @a20180412d2018 em y0chiy50 ea
101 0  @achi
102    @aCN@b110000
105    @ay z 000yy
106    @ar
200 1  @a最是元曲销魂@9zui shi yuan qu xiao hun@e唯美典藏版@f宿舍章著
205    @a2版
210    @a北京@c石油工业出版社@d2018
215    @a244页@d21cm
300    @a阅读大中国
330    @a本书精选经典元曲,其内容包括羁旅天涯的离愁难抑与心情的低回;男女之间动人的爱情;看透名利,归隐山林的急迫心情;对黑暗现实的批判,对百姓水深火热生活的怜悯。
606 0  @a元曲@x文学欣赏
690    @aI207.24@v5
701  0 @a宿舍章@9su she zhang@4著
801  0 @aCN@b上海新华@c20180901
905    @b1154358-62@dI207.24@e1119=2@f5
    
    最是元曲销魂:唯美典藏版/宿舍章著.-2版.-北京:石油工业出版社,2018
    244页;21cm
    阅读大中国
    
    ISBN 978-7-5183-2146-9:CNY28.00
    本书精选经典元曲,其内容包括羁旅天涯的离愁难抑与心情的低回;男女之间动人的爱情;看透名利,归隐山林的急迫心情;对黑暗现实的批判,对百姓水深火热生活的怜悯。
●
相关链接 在E读中查询图书 在五车中查询图书 在当当中查询图书 在豆瓣中查询图书


正题名:最是元曲销魂     索取号:I207.24/1119=2         预约/预借

序号 登录号 条形码 馆藏地/架位号 状态 备注
1 1154358   211543588   第一样本阅览室/ [索取号:I207.24/1119=2] 在馆    
2 1154359   211543597   密集书库-文学院/ [索取号:I207.24/1119=2] 在馆    
3 1154360   211543604   第二借阅区/ [索取号:I207.24/1119=2] 在馆    
4 1154361   211543613   第二借阅区/ [索取号:I207.24/1119=2] 在馆    
5 1154362   211543622   第二借阅区/ [索取号:I207.24/1119=2] 在馆    
唐山师范学院图书馆 欢迎您!
大连网信软件有限公司© 版权所有